Baton Rouge Metropolitan Airport Destinations (Baton Rouge, LA, USA) - Statistics

General Stats
  • This quiz has been taken 65 times
  • The average score is 4 of 5
Answer Stats
Airline Destination % Correct
American Eagle Dallas/Fort Worth
94%
United Express Houston (Intercontinental)
92%
Delta Air Lines Atlanta
90%
American Eagle Charlotte
76%
American Eagle Washington (National)
47%
No matching quizzes found
Score Distribution
Percent of People with Each Score
Percentile by Number Answered
Your Score History
You have not taken this quiz